The law of civilization and decay : (Record no. 22435)
[ view plain ]
| 000 -LEADER | |
|---|---|
| fixed length control field | 00907cam a22002891 4500 |
| 001 - CONTROL NUMBER | |
| control field | 22435 |
| 003 - CONTROL NUMBER IDENTIFIER | |
| rucl marc code | BD-RjUL |
| 005 - DATE AND TIME OF LATEST TRANSACTION | |
| control field | 20211209000815.0 |
| 008 - FIXED-LENGTH DATA ELEMENTS--GENERAL INFORMATION | |
| fixed length control field | 140308r19591955nyu 001 0 eng d |
| 035 ## - SYSTEM CONTROL NUMBER | |
| System control number | (BD-RjUL)22500 |
| System control number | (OCoLC)654141 |
| 040 ## - CATALOGING SOURCE | |
| Original cataloging agency | DLC |
| Transcribing agency | OKentU |
| Modifying agency | DLC |
| -- | BD-RjUL |
| Language of cataloging | eng |
| 041 ## - LANGUAGE CODE | |
| Language code of text/sound track or separate title | eng |
| 082 00 - DEWEY DECIMAL CLASSIFICATION NUMBER | |
| Classification number | 901.9 |
| Author mark and year | ADL 1959 |
| 100 1# - MAIN ENTRY--PERSONAL NAME | |
| Personal name | Adams, Brooks, |
| Dates associated with a name | 1848-1927. |
| 9 (RLIN) | 69274 |
| 245 14 - TITLE STATEMENT | |
| Title | The law of civilization and decay : |
| Remainder of title | an essay on history / |
| Statement of responsibility, etc. | by Brooks Adams. |
| 260 ## - PUBLICATION, DISTRIBUTION, ETC. (IMPRINT) | |
| Place of publication, distribution, etc. | New York ; |
| Name of publisher, distributor, etc. | The Macmillan company : |
| Place of publication, distribution, etc. | London : |
| Name of publisher, distributor, etc. | Macmillan & co., ltd., |
| Date of publication, distribution, etc. | 1955 [Reprinted 1959] |
| 300 ## - PHYSICAL DESCRIPTION | |
| Pagination | xiv, 308 p. ; |
| Size | 20 cm. |
| 504 ## - BIBLIOGRAPHY, ETC. NOTE | |
| Bibliography, etc | Includes Index |
| 650 #0 - SUBJECT ADDED ENTRY--TOPICAL TERM | |
| Topical term or geographic name as entry element | History |
| General subdivision | Philosophy. |
| 9 (RLIN) | 69275 |
| Topical term or geographic name as entry element | Civilization |
| General subdivision | History. |
| 9 (RLIN) | 69276 |
| Topical term or geographic name as entry element | Degeneration. |
| 9 (RLIN) | 53485 |
| 700 1# - ADDED ENTRY--PERSONAL NAME | |
| Personal name | Beard, Charles A |
| 942 ## - ADDED ENTRY ELEMENTS (KOHA) | |
| Source of classification or shelving scheme | Dewey Decimal Classification |
| Koha item type | Books |
| Lost status | Source of classification or shelving scheme | Damaged status | Not for loan | Collection code | Permanent Location | Current Location | Shelving location | Date acquired | Source of acquisition | Cost, normal purchase price | Total Checkouts | Full call number | Date last seen | Copy number | Koha item type |
|---|---|---|---|---|---|---|---|---|---|---|---|---|---|---|---|
| Dewey Decimal Classification | Added to bundle | Non-fiction | Central Library, University of Rajshahi | Central Library, University of Rajshahi | Reading Room | 01/02/1962 | Mirja Book | 6.25 | 901.9 ADL 1959 | 08/03/2014 | C-1 | Books |